Clinical tuberculosis / (Record no. 4834)

MARC details
000 -LEADER
fixed length control field 01271cam a22003374a 4500
001 - CONTROL NUMBER
control field 13670548
003 - CONTROL NUMBER IDENTIFIER
control field OSt
005 - DATE AND TIME OF LATEST TRANSACTION
control field 20160722151218.0
008 - FIXED-LENGTH DATA ELEMENTS--GENERAL INFORMATION
fixed length control field 040729s2003 enka b 001 0 eng
010 ## - LIBRARY OF CONGRESS CONTROL NUMBER
LC control number 2004274270
020 ## - INTERNATIONAL STANDARD BOOK NUMBER
International Standard Book Number 9780340948408
040 ## - CATALOGING SOURCE
Transcribing agency DNLM.
042 ## - AUTHENTICATION CODE
Authentication code pcc
050 00 - LIBRARY OF CONGRESS CALL NUMBER
Classification number RC311
Item number .C655 2003
082 04 - DEWEY DECIMAL CLASSIFICATION NUMBER
Classification number WC475C611d 2008
100 ## - MAIN ENTRY--PERSONAL NAME
Personal name Edited by Davies,DO.Peter;Barnes,F.Peter;Gordon,B.stephen;
9 (RLIN) 10372
245 00 - TITLE STATEMENT
Title Clinical tuberculosis /
Statement of responsibility, etc. .
250 ## - EDITION STATEMENT
Edition statement 4th ed.
260 ## - PUBLICATION, DISTRIBUTION, ETC. (IMPRINT)
Place of publication, distribution, etc. London :
Name of publisher, distributor, etc. Arnold ;
Place of publication, distribution, etc. New York :
Date of publication, distribution, etc. 2008
300 ## - PHYSICAL DESCRIPTION
Extent 555 p. :
Other physical details ill. (some col.), maps ;
Dimensions 27 cm.
504 ## - BIBLIOGRAPHY, ETC. NOTE
Bibliography, etc Includes bibliographical references and index.
650 #0 - SUBJECT ADDED ENTRY--TOPICAL TERM
Topical term or geographic name as entry element Tuberculosis.
9 (RLIN) 2601
650 #2 - SUBJECT ADDED ENTRY--TOPICAL TERM
Topical term or geographic name as entry element Tuberculosis.
9 (RLIN) 2601
700 1# - ADDED ENTRY--PERSONAL NAME
Personal name Davies, P. D. O.
9 (RLIN) 3194
856 42 - ELECTRONIC LOCATION AND ACCESS
Materials specified Publisher description
Uniform Resource Identifier http://www.loc.gov/catdir/enhancements/fy0620/2004274270-d.html
856 41 - ELECTRONIC LOCATION AND ACCESS
Materials specified Table of contents only
Uniform Resource Identifier http://www.loc.gov/catdir/enhancements/fy0620/2004274270-t.html
856 42 - ELECTRONIC LOCATION AND ACCESS
Materials specified Contributor biographical information
Uniform Resource Identifier http://www.loc.gov/catdir/enhancements/fy1302/2004274270-b.html
906 ## - LOCAL DATA ELEMENT F, LDF (RLIN)
a 7
b cbc
c origcop
d 2
e ncip
f 20
g y-gencatlg
942 ## - ADDED ENTRY ELEMENTS (KOHA)
Source of classification or shelving scheme Other/Generic Classification Scheme
Koha item type Open Shelf
Holdings
Withdrawn status Lost status Source of classification or shelving scheme Damaged status Not for loan Home library Current library Date acquired Source of acquisition Inventory number Total Checkouts Full call number Barcode Date last seen Price effective from Koha item type
    Other/Generic Classification Scheme     MUST Main Library MUST Main Library 22/07/2016   11/33038   WC475C611d 2008 2016-3382 22/07/2016 22/07/2016 Open Shelf